| 000 | 00414cam a2200169ua 4500 | ||
|---|---|---|---|
| 020 | _c30.00 | ||
| 041 |
_aeng _h |
||
| 082 |
_a307 _bGAN/CO |
||
| 100 | _aGangrade, K.D . | ||
| 245 |
_aCommunity organization in India / _cK.D.Gangrade. _hTextual Documents |
||
| 260 |
_aMumbai : _bPopular Prakashan , _c1971. |
||
| 300 | _a197 ; . | ||
| 365 | _a30.00 | ||
| 504 | _a | ||
| 942 | _cBK | ||
| 999 |
_c1633 _d1633 |
||